<?xml version="1.0" encoding="UTF-8"?>
<collection xmlns="http://www.loc.gov/MARC21/slim">
<record>
  <controlfield tag="001">151159</controlfield>
  <controlfield tag="005">20251017144609.0</controlfield>
  <datafield tag="024" ind1="7" ind2=" ">
    <subfield code="2">doi</subfield>
    <subfield code="a">10.1098/rsos.210660</subfield>
  </datafield>
  <datafield tag="024" ind1="8" ind2=" ">
    <subfield code="2">sideral</subfield>
    <subfield code="a">125801</subfield>
  </datafield>
  <datafield tag="037" ind1=" " ind2=" ">
    <subfield code="a">ART-2021-125801</subfield>
  </datafield>
  <datafield tag="041" ind1=" " ind2=" ">
    <subfield code="a">eng</subfield>
  </datafield>
  <datafield tag="100" ind1=" " ind2=" ">
    <subfield code="a">Perea-Cachero A.</subfield>
    <subfield code="0">(orcid)0000-0002-0157-9507</subfield>
  </datafield>
  <datafield tag="245" ind1=" " ind2=" ">
    <subfield code="a">Pre-combustion gas separation by ZIF-8-polybenzimidazole mixed matrix membranes in the form of hollow fibres - Long-term experimental study</subfield>
  </datafield>
  <datafield tag="260" ind1=" " ind2=" ">
    <subfield code="c">2021</subfield>
  </datafield>
  <datafield tag="506" ind1="0" ind2=" ">
    <subfield code="a">Access copy available to the general public</subfield>
    <subfield code="f">Unrestricted</subfield>
  </datafield>
  <datafield tag="520" ind1="3" ind2=" ">
    <subfield code="a">Polybenzimidazole (PBI) is a promising and suitable membrane polymer for the separation of the H 2 /CO 2 pre-combustion gas mixture due to its high performance in terms of chemical and thermal stability and intrinsic H 2 /CO 2 selectivity. However, there is a lack of long-term separation studies with this polymer, particularly when it is conformed as hollow fibre membrane. This work reports the continuous measurement of the H 2 /CO 2 separation properties of PBI hollow fibres, prepared as mixed matrix membranes with metal-organic framework (MOF) ZIF-8 as filler. To enhance the scope of the experimental approach, ZIF-8 was synthesized from the transformation of ZIF-L upon up-scaling the MOF synthesis into a 1 kg batch. The effects of membrane healing with poly(dimethylsiloxane), to avoid cracks and non-selective gaps, and operation conditions (use of sweep gas or not) were also examined at 200°C during approximately 51 days. In these conditions, for all the membrane samples studied, the H 2 permeance was in the 22-47 GPU range corresponding to 22-32 H 2 /CO 2 selectivity values. Finally, this work continues our previous report on this type of application (Etxeberria-Benavides et al. 2020 Sep. Purif. Technol. 237, 116347 (doi:10.1016/j.seppur.2019.116347)) with important novelties dealing with the use of ZIF-8 for the mixed matrix membrane coming from a green methodology, the long-term gas separation testing for more than 50 days and the study on the membrane operation under more realistic conditions (e.g. without the use of sweep gas).</subfield>
  </datafield>
  <datafield tag="536" ind1=" " ind2=" ">
    <subfield code="9">info:eu-repo/grantAgreement/ES/AEI/PID2019-104009RB-I00-AEI-10.13039-501100011033</subfield>
    <subfield code="9">info:eu-repo/grantAgreement/EC/H2020/760944/EU/Advanced MEMBranes and membrane assisted procEsses for pre- and post- combustion CO2 captuRe/MEMBER</subfield>
    <subfield code="9">This project has received funding from the European Union’s Horizon 2020 research and innovation program under grant agreement No H2020 760944-MEMBER</subfield>
  </datafield>
  <datafield tag="540" ind1=" " ind2=" ">
    <subfield code="9">info:eu-repo/semantics/openAccess</subfield>
    <subfield code="a">by</subfield>
    <subfield code="u">https://creativecommons.org/licenses/by/4.0/deed.es</subfield>
  </datafield>
  <datafield tag="590" ind1=" " ind2=" ">
    <subfield code="a">3.653</subfield>
    <subfield code="b">2021</subfield>
  </datafield>
  <datafield tag="591" ind1=" " ind2=" ">
    <subfield code="a">MULTIDISCIPLINARY SCIENCES</subfield>
    <subfield code="b">30 / 74 = 0.405</subfield>
    <subfield code="c">2021</subfield>
    <subfield code="d">Q2</subfield>
    <subfield code="e">T2</subfield>
  </datafield>
  <datafield tag="592" ind1=" " ind2=" ">
    <subfield code="a">0.758</subfield>
    <subfield code="b">2021</subfield>
  </datafield>
  <datafield tag="593" ind1=" " ind2=" ">
    <subfield code="a">Multidisciplinary</subfield>
    <subfield code="c">2021</subfield>
    <subfield code="d">Q1</subfield>
  </datafield>
  <datafield tag="655" ind1=" " ind2="4">
    <subfield code="a">info:eu-repo/semantics/article</subfield>
    <subfield code="v">info:eu-repo/semantics/publishedVersion</subfield>
  </datafield>
  <datafield tag="700" ind1=" " ind2=" ">
    <subfield code="a">Etxeberría-Benavides M.</subfield>
  </datafield>
  <datafield tag="700" ind1=" " ind2=" ">
    <subfield code="a">David O.</subfield>
  </datafield>
  <datafield tag="700" ind1=" " ind2=" ">
    <subfield code="a">Deacon A.</subfield>
  </datafield>
  <datafield tag="700" ind1=" " ind2=" ">
    <subfield code="a">Johnson T.</subfield>
  </datafield>
  <datafield tag="700" ind1=" " ind2=" ">
    <subfield code="a">Malankowska M.</subfield>
    <subfield code="0">(orcid)0000-0001-9595-0831</subfield>
  </datafield>
  <datafield tag="700" ind1=" " ind2=" ">
    <subfield code="a">Téllez C.</subfield>
    <subfield code="u">Universidad de Zaragoza</subfield>
    <subfield code="0">(orcid)0000-0002-4954-1188</subfield>
  </datafield>
  <datafield tag="700" ind1=" " ind2=" ">
    <subfield code="a">Coronas J.</subfield>
    <subfield code="u">Universidad de Zaragoza</subfield>
    <subfield code="0">(orcid)0000-0003-1512-4500</subfield>
  </datafield>
  <datafield tag="710" ind1="2" ind2=" ">
    <subfield code="1">5005</subfield>
    <subfield code="2">555</subfield>
    <subfield code="a">Universidad de Zaragoza</subfield>
    <subfield code="b">Dpto. Ing.Quím.Tecnol.Med.Amb.</subfield>
    <subfield code="c">Área Ingeniería Química</subfield>
  </datafield>
  <datafield tag="773" ind1=" " ind2=" ">
    <subfield code="g">8 (2021), [12 pp.]</subfield>
    <subfield code="p">R. Soc. open sci.</subfield>
    <subfield code="t">Royal Society Open Science</subfield>
    <subfield code="x">2054-5703</subfield>
  </datafield>
  <datafield tag="856" ind1="4" ind2=" ">
    <subfield code="s">1857215</subfield>
    <subfield code="u">http://zaguan.unizar.es/record/151159/files/texto_completo.pdf</subfield>
    <subfield code="y">Versión publicada</subfield>
  </datafield>
  <datafield tag="856" ind1="4" ind2=" ">
    <subfield code="s">2061714</subfield>
    <subfield code="u">http://zaguan.unizar.es/record/151159/files/texto_completo.jpg?subformat=icon</subfield>
    <subfield code="x">icon</subfield>
    <subfield code="y">Versión publicada</subfield>
  </datafield>
  <datafield tag="909" ind1="C" ind2="O">
    <subfield code="o">oai:zaguan.unizar.es:151159</subfield>
    <subfield code="p">articulos</subfield>
    <subfield code="p">driver</subfield>
  </datafield>
  <datafield tag="951" ind1=" " ind2=" ">
    <subfield code="a">2025-10-17-14:16:26</subfield>
  </datafield>
  <datafield tag="980" ind1=" " ind2=" ">
    <subfield code="a">ARTICLE</subfield>
  </datafield>
</record>
</collection>